Southville International School and Colleges
Your cart is empty.
  • Cart
  • Lists
    Public lists Eva Luna New books Lux_list list_1
    Your lists Log in to create your own lists
  • Log in to your account
  • Your cookies
  • Search history
Southville International School and Colleges
  • Advanced search
  • Recent comments
  • Most popular
  • Libraries

Log in to your account

Log in with GOOGLE


If you do not have an external account, but do have a local account, you can still log in:

  1. Home
  2. MARC view: Seamless teamwork :
Normal view MARC view ISBD view

Seamless teamwork : (Record no. 118024)

[ view plain ]
MARC details
000 -LEADER
fixed length control field 00620nam a2200193Ia 4500
008 - FIXED-LENGTH DATA ELEMENTS--GENERAL INFORMATION
fixed length control field 140609s9999 xx 000 0 und d
020 ## - INTERNATIONAL STANDARD BOOK NUMBER
International Standard Book Number 9780735625617
050 ## - LIBRARY OF CONGRESS CALL NUMBER
Classification number TK 5105.875.I6
Item number .Sa26 2009
100 ## - MAIN ENTRY--PERSONAL NAME
Personal name Sampson, Michael.
245 ## - TITLE STATEMENT
Title Seamless teamwork :
Remainder of title using Microsoft SharePoint technologies to collaborate, innovate, and drive business in new ways /
Statement of responsibility, etc Michael Sampson
260 ## - PUBLICATION, DISTRIBUTION, ETC. (IMPRINT)
Place of publication, distribution, etc Redmond, Wash. :
Name of publisher, distributor, etc Microsoft,
Date of publication, distribution, etc c2009.
300 ## - PHYSICAL DESCRIPTION
Extent 287 p. :
Other physical details ill. ;
Dimensions 23 cm.
500 ## - GENERAL NOTE
General note Includes index.
521 ## - TARGET AUDIENCE NOTE
Target audience note
650 ## - SUBJECT ADDED ENTRY--TOPICAL TERM
Topical term or geographic name as entry element Web portals.
650 ## - SUBJECT ADDED ENTRY--TOPICAL TERM
Topical term or geographic name as entry element Web servers.
942 ## - ADDED ENTRY ELEMENTS (KOHA)
Call number prefix Foreign
Koha item type Books
Holdings
Withdrawn status Lost status Damaged status Home library Current library Shelving location Date acquired Cost, normal purchase price Total Checkouts Full call number Barcode Date last seen Price effective from Koha item type
      College Library College Library General Circulation Section 06/09/2014 1092.81   TK 5105.875.I6 .Sa26 2009 C18312 05/15/2018 06/09/2014 Books

Seamless teamwork :

APA

Sampson M., . (2009). Seamless teamwork. Redmond, Wash: Microsoft.

Chicago

Sampson Michael, . 2009. Seamless teamwork. Redmond, Wash: Microsoft.

Harvard

Sampson M., . (2009). Seamless teamwork. Redmond, Wash: Microsoft.

MLA

Sampson Michael, . Seamless teamwork. Redmond, Wash: Microsoft. 2009.

  • Place hold
  • Print
  • Cite
  • Add to your cart (remove)
  • Save record
    BIBTEX Dublin Core MARCXML MARC (non-Unicode/MARC-8) MARC (Unicode/UTF-8) MARC (Unicode/UTF-8, Standard) MODS (XML) RIS
  • More searches
    Search for this title in:
    Other Libraries (WorldCat) Other Databases (Google Scholar) Online Stores (Bookfinder.com) Open Library (openlibrary.org)

Exporting to Dublin Core...

SOUTHVILLE LIBRARY

Southville International School and Colleges Library

1281 Tropical Ave. Cor. Luxembourg St., BF Homes International, Las Pinas City

Tel. No. 8256374 / 252358 Loc. 117/146

Powered by Koha